| 000 | 01575nam a22003135i 4500 | ||
|---|---|---|---|
| 003 | EG-ScBUE | ||
| 005 | 20260503082332.0 | ||
| 008 | 110118s2002 ua a frb 000 0 ara d | ||
| 017 | _a2002 / 3166 | ||
| 020 | _a977350209 | ||
| 040 |
_aEG-ScBUE _bara _erda _cEG-ScBUE _dEG-ScBUE |
||
| 082 | 0 | 4 |
_a551.2 _bس ل ي _222 |
| 100 | 1 |
_aسليمان، مصطفى محمود، _eمؤلف. _939456 |
|
| 245 | 1 | 2 |
_aالبراكين والزلازل والبيئة الحضرية / _cتأليف أ. د. مصطفى محمود سليمان، رئيس قسم الجيولوجيا بكلية العلوم-جامعة الزقازيق، مستشار الجامعة لشئون خدمة المجتمع وتنمية البيئة، عضو اللجنة القومية لتاريخ وفلسفة العلوم بأكاديمية البحث العلمي والتكنولوجيا. |
| 246 | 3 | 4 | _aالبراكين والزلازل وأثرهما على البيئة |
| 264 | 1 |
_aالقاهرة : _bدار الكتاب الحديث، _c2002. |
|
| 300 |
_a587 صفحة : _bإيضاحيات ؛ _c24 سم |
||
| 336 |
_2rdacontent _aنص _btxt |
||
| 337 |
_2rdamedia _aبدون وسيط _bn |
||
| 338 |
_2rdacarrier _aمجلد _bnc |
||
| 504 | _aيشتمل على إرجاعات ببليوجرافية. | ||
| 541 |
_aد. مصطفى محمود سليمان ؛ _cإهداء ؛ |
||
| 650 | 7 |
_aالزلازل. _2BUEsh _922048 |
|
| 650 | 7 |
_aالبراكين. _2BUEsh _922049 |
|
| 650 | 7 |
_aالكوارث الطبيعية. _2BUEsh |
|
| 653 |
_bGGEN _cDecember2017 |
||
| 655 | _vReading book | ||
| 942 | _2ddc | ||
| 999 |
_c14911 _d14911 |
||